[Event "It (open)"]
[Site "masterchessopen.com – Bad Woerishofen (Germany)"]
[Round "1"]
[White "Ries Berthold (GER)"]
[Black "Naumkin Igor (RUS)"]
[Result "0-1"]
[WhiteElo "2014"]
[BlackElo "2414"]

1.e4 e6 2.d4 d5 3.Nd2 Nc6 4.Ngf3 Nf6 5.e5 Nd7 6.c3 f6 7.exf6 Qxf6 8.Nb3 h6
9.h4 Bd6 10.Be3 O-O 11.Bg5 Qf7 12.Qc2 e5 13.dxe5 Ndxe5 14.Nxe5 Nxe5 15.Be3 Bf5
16.Qd2 Nc4 17.Bxc4 dxc4 18.Nd4 Bd3 19.O-O-O Rad8 20.Rh3 Qd7 21.b4 a5 22.a3
axb4 23.axb4 Ra8 24.Qb2 Ra6 25.Nb3 Rfa8 26.Rxd3 cxd3 27.Na5 b6 28.Qb3+ Kh8
29.Nc4 Qg4 30.Nxd6 Ra1+ {#R} 0-1

[Event "Ch Hungary (juniors) (under 16)"]
[Site "masterchessopen.com – Balatonlelle (Hungary)"]
[Round "8"]
[White "Nemeth Miklos (HUN)"]
[Black "Berkes Ferenc (HUN)"]
[Result "0-1"]
[WhiteElo "2321"]
[BlackElo "2541"]

1.e4 e6 2.d4 d5 3.Nd2 Nc6 4.Ngf3 Nf6 5.e5 Nd7 6.c3 f6 7.exf6 Qxf6 8.Bb5 Bd6
9.Nf1 e5 10.dxe5 Ncxe5 11.Nxe5 Qxe5+ 12.Qe2 c6 13.Qxe5+ Nxe5 14.Be2 Bf5 15.Ng3
Nd3+ 16.Bxd3 Bxd3 17.Be3 O-O 18.O-O-O Bg6 19.Rhe1 Rae8 20.Nf1 b5 21.g3 Bh5
22.Rd3 Bc5 23.f4 Rf7 24.h3 g5 25.a3 gxf4 26.gxf4 Rxf4 27.Nd2 Bg6 {#R} 0-1

[Event "It (open)"]
[Site "masterchessopen.com – Germany"]
[Round "5"]
[White "Bonani Georg (ITA)"]
[Black "Mayers Dan E (USA)"]
[Result "0-1"]
[WhiteElo "1871"]
[BlackElo "2097"]

1.e4 e6 2.d4 d5 3.Nd2 Nc6 4.Ngf3 Nf6 5.e5 Nd7 6.c3 f6 7.exf6 Qxf6 8.Bd3 Bd6
9.O-O O-O 10.Re1 e5 11.dxe5 Ndxe5 12.Be2 Bg4 13.Rf1 Rae8 14.Nxe5 Qxe5 {#R} 0-1

[Event "Ch Hungary (team) 2000/01 (2 liga)"]
[Site "masterchessopen.com – Hungary"]
[Round "6"]
[White "Ligart Tomas (HUN)"]
[Black "Koczka Zsolt (HUN)"]
[Result "1-0"]
[WhiteElo "2182"]
[BlackElo "2251"]

1.e4 e6 2.d4 d5 3.Nd2 Nc6 4.Ngf3 Nf6 5.e5 Nd7 6.Nb3 Be7 7.c3 f6 8.Bb5 O-O
9.Bxc6 bxc6 10.Bf4 c5 11.Qd2 a5 12.O-O fxe5 13.Nxe5 Nxe5 14.Bxe5 cxd4 15.cxd4
a4 16.Na5 c5 17.Nc6 Qd7 18.Nxe7+ Qxe7 19.dxc5 Qxc5 20.Rac1 Qb5 21.Rc7 Bd7
22.Rfc1 Rf7 23.R1c5 Qa6 24.Rc3 Rc8 25.Rxc8+ Bxc8 26.Rg3 Qc4 27.h3 Qe4 28.Qg5
Qe1+ 29.Kh2 Ba6 30.Qd8+ {#r} 1-0

[Event "Ch Ural"]
[Site "masterchessopen.com – Orsk (Russia)"]
[Round "2"]
[White "Kuzmenko Sergey (RUS)"]
[Black "Sedenko Anatoly (UKR)"]
[Result "1-0"]
[WhiteElo "2163"]
[BlackElo "2200"]

1.e4 Nc6 2.Nf3 e6 3.d4 d5 4.Nbd2 Nf6 5.e5 Ne4 6.Bd3 f5 7.exf6 Nxf6 8.c3 Bd6
9.O-O O-O 10.Re1 Ng4 11.h3 h5 12.Nf1 e5 13.dxe5 Ngxe5 14.Nxe5 Nxe5 15.Rxe5 Qf6
16.Rxh5 Qxf2+ 17.Kh1 g6 18.Be3 Qxb2 19.Bxg6 Kg7 20.Rh7+ Kxg6 21.Qh5+ Kf6
22.Bd4+ Ke6 23.Re1+ {#r} 1-0

[Event "Ch Galiza"]
[Site "masterchessopen.com – Padrun (Spain)"]
[Round "4"]
[White "Muniz Pardino Alberto (ESP)"]
[Black "Patino Romaris Juan Roberto (ESP)"]
[Result "0-1"]
[WhiteElo "2054"]
[BlackElo "2248"]

1.e4 e6 2.d4 d5 3.Nd2 Nc6 4.Ngf3 Nf6 5.e5 Nd7 6.Be2 f6 7.exf6 Qxf6 8.Nb3 Bd6
9.Bg5 Qf7 10.O-O O-O 11.Bh4 e5 12.dxe5 Ndxe5 13.Ng5 Qg6 14.Qxd5+ Kh8 15.f4 Ng4
16.Bxg4 Bxg4 17.Bg3 Nb4 18.Qe4 Bf5 19.Qxb7 h6 20.Nf3 Rfb8 21.Nh4 Rxb7 22.Nxg6+
Bxg6 23.f5 Bf7 24.Bxd6 cxd6 25.Nd4 Re8 26.Rf4 Nd5 27.Rh4 Rxb2 {#R} 0-1

[Event "It (open)"]
[Site "masterchessopen.com – Split (Croatia)"]
[Round "3"]
[White "Brulic Denis (CRO)"]
[Black "Erceg Slobodan (CRO)"]
[Result "1-0"]
[WhiteElo "2148"]
[BlackElo "1947"]

1.e4 e6 2.d4 d5 3.Nd2 Nc6 4.Ngf3 Nf6 5.e5 Nd7 6.Be2 f6 7.exf6 Nxf6 8.Nf1 Bd6
9.Ne3 O-O 10.O-O e5 11.dxe5 Nxe5 12.Nxd5 Nfg4 13.Nxe5 Nxh2 14.Nf3 Nxf3+
15.Bxf3 Qh4 16.g3 Bxg3 17.fxg3 Qxg3+ 18.Bg2 Bh3 19.Ne3 Rxf1+ 20.Qxf1 Rf8
21.Qe2 Re8 22.Qf2 Qg6 23.Bd2 Be6 24.Rf1 h5 25.Kh2 Bxa2 26.b3 Rd8 27.Bc3 {#r}
1-0

[Event "It \"]
[Site "masterchessopen.com – St. Petersburg (Russia)"]
[Round "5"]
[White "Anisimov Pavel (RUS)"]
[Black "Monin Nikolay (RUS)"]
[Result "1-0"]
[WhiteElo "2405"]
[BlackElo "2375"]

1.e4 e6 2.d4 d5 3.Nd2 Nc6 4.Ngf3 Nf6 5.e5 Nd7 6.c3 f6 7.Bb5 Be7 8.exf6 Bxf6
9.O-O O-O 10.Re1 Re8 11.Nb3 a5 12.Bf4 a4 13.Nc1 Nb6 14.Nd3 Bd7 15.Nc5 Qc8
16.Bd3 Re7 17.Qc2 h6 18.Re2 Be8 19.Rae1 Bf7 20.Bg6 Nd8 21.Be5 Bxe5 22.Nxe5
Bxg6 23.Qxg6 Nc4 24.Ned7 Nd6 25.Nf6+ Kf8 26.Nxd5 Rf7 27.Nxe6+ Nxe6 28.Rxe6
{#r} 1-0

[Event "It (open)"]
[Site "masterchessopen.com – Arosa (Spain)"]
[Round "4"]
[White "Dimitrov Vladimir (BUL)"]
[Black "Patino Romaris Juan Roberto (ESP)"]
[Result "0-1"]
[WhiteElo "2438"]
[BlackElo "2257"]

1.e4 e6 2.d4 d5 3.Nd2 Nc6 4.Ngf3 Nf6 5.e5 Nd7 6.Bd3 f6 7.exf6 Qxf6 8.O-O Bd6
9.c4 O-O 10.Nb3 h6 11.c5 Bf4 12.Bxf4 Qxf4 13.Bb5 e5 14.Bxc6 bxc6 15.dxe5 Nxe5
16.Nxe5 Qxe5 17.Qd2 Qf6 18.Rfe1 h5 19.Nd4 Rb8 20.a3 a5 21.Re3 Bd7 22.Rae1 Rf7
23.b3 Rbf8 24.R1e2 Qh4 25.Nf3 Rxf3 26.Rxf3 Rxf3 27.gxf3 Bh3 28.Re8+ Kf7 29.Rb8
Qf6 {#R} 0-1

[Event "Memorial M.Najdorf (open)"]
[Site "masterchessopen.com – Buenos Aires (Argentina)"]
[Round "7"]
[White "Jimenez Joaquin (ARG)"]
[Black "Lemos Damian (ARG)"]
[Result "0-1"]
[WhiteElo "2232"]
[BlackElo "2543"]

1.e4 e6 2.d4 d5 3.Nd2 Nc6 4.Ngf3 Nf6 5.e5 Nd7 6.Bb5 Ndb8 7.c3 b6 8.Qe2 a5 9.h4
Ba6 10.Bxa6 Nxa6 11.h5 h6 12.Nh4 Be7 13.Qg4 Bxh4 14.Rxh4 Rg8 15.Nf1 Ne7 16.Rh3
Qd7 17.Qe2 c5 18.a3 c4 19.f4 Kd8 20.g4 Kc7 21.Bd2 b5 22.Ne3 b4 23.axb4 axb4
24.cxb4 Nc6 25.Nc2 Naxb4 26.Rxa8 Nxc2+ 27.Kd1 Rxa8 28.f5 Ra1+ 29.Bc1 N2xd4
{#R} 0-1

[Event "It (open)"]
[Site "masterchessopen.com – Guben (Germany)"]
[Round "3"]
[White "Schurade Matthias (GER)"]
[Black "Skorna Ullrich (GER)"]
[Result "1-0"]
[WhiteElo "2384"]
[BlackElo "2192"]

1.e4 e6 2.d4 d5 3.Nd2 Nc6 4.Ngf3 Nf6 5.e5 Nd7 6.c3 f6 7.exf6 Qxf6 8.Bb5 Bd6
9.Nf1 O-O 10.Ne3 Ne7 11.O-O c6 12.Bd3 e5 13.Ng4 Qf7 14.dxe5 Bc7 15.Ng5 Qh5
16.Ne6 Nxe5 17.Nf6+ Rxf6 18.Qxh5 Bxe6 19.Qxh7+ Kf7 20.Bg5 Rg6 21.Bxg6+ N7xg6
22.f4 {#r} 1-0

[Event "Ch France (juniors) (under 18)"]
[Site "masterchessopen.com – Hyeres (France)"]
[Round "9"]
[White "Monroy Charles (FRA)"]
[Black "Bielka Samuel (FRA)"]
[Result "1-0"]
[WhiteElo "2301"]
[BlackElo "2155"]

1.e4 e6 2.d4 d5 3.Nd2 Nc6 4.Ngf3 Nf6 5.e5 Nd7 6.Bd3 Nb4 7.Be2 c5 8.c3 Nc6
9.O-O Be7 10.Re1 Qb6 11.Bd3 cxd4 12.cxd4 Nxd4 13.Nxd4 Qxd4 14.Nf3 Qb6 15.Qc2
Nf8 16.Be3 Qd8 17.h4 Bxh4 18.Qa4+ {#r} 1-0

[Event "Ch Poland (team) (juniors)"]
[Site "masterchessopen.com – Laczna (Poland)"]
[Round "9"]
[White "Brzeski Maciej (POL)"]
[Black "Leniart Arkadiusz (POL)"]
[Result "0-1"]
[WhiteElo "2135"]
[BlackElo "1998"]

1.e4 e6 2.d4 d5 3.Nd2 Nc6 4.Ngf3 Nf6 5.e5 Nd7 6.Bd3 f6 7.exf6 Qxf6 8.c3 Bd6
9.O-O O-O 10.Re1 e5 11.dxe5 Ndxe5 12.Be2 Bg4 13.h3 Bh5 14.Nxe5 Qxf2+ 15.Kh1
Nxe5 16.Bxh5 Nd3 17.Re2 Qg3 18.Nf3 Rxf3 19.gxf3 Qxh3+ 20.Kg1 Bc5+ 21.Be3 Bxe3+
22.Rxe3 Qg3+ {#R} 0-1

[Event "It (open)"]
[Site "masterchessopen.com – Recklinghausen (Germany)"]
[Round "5"]
[White "Fuhrmann Marc Andre (GER)"]
[Black "Siepmann Martin (GER)"]
[Result "1-0"]
[WhiteElo "2069"]
[BlackElo "2103"]

1.e4 e6 2.d4 d5 3.Nd2 Nc6 4.Ngf3 Nf6 5.Bd3 Nb4 6.O-O Nxd3 7.cxd3 Be7 8.Re1 O-O
9.Nf1 c5 10.Bg5 cxd4 11.e5 Nd7 12.Bxe7 Qxe7 13.Nxd4 f6 14.exf6 Rxf6 15.Nf3 e5
16.Nxe5 Nxe5 17.d4 Qf7 18.Rxe5 Rxf2 19.Qe1 Rxf1+ {#r} 1-0

[Event "Ch Wales"]
[Site "masterchessopen.com – Swansea (Wales)"]
[Round "2"]
[White "Powell Annie (WLS)"]
[Black "Spice Alan (WLS)"]
[Result "0-1"]
[WhiteElo "2034"]
[BlackElo "2163"]

1.e4 e6 2.d4 d5 3.Nd2 Nc6 4.Ngf3 Nf6 5.e5 Nd7 6.c3 f6 7.exf6 Qxf6 8.Bb5 Bd6
9.O-O O-O 10.Nb3 e5 11.dxe5 Ndxe5 12.Be2 Bg4 13.Nbd4 Rae8 14.Be3 Nxd4 15.Nxd4
Bxe2 16.Qxe2 Qh4 17.g3 Qh3 18.f4 Ng4 19.Rf3 Re4 20.Re1 Bc5 21.Qd2 Rfe8 22.Nc2
Nxe3 23.Nxe3 Qe6 24.Kf2 d4 25.cxd4 Bxd4 26.b3 c5 27.Qd3 b5 {#R} 0-1

[Event "It (open)"]
[Site "masterchessopen.com – Travemunde (Germany)"]
[Round "5"]
[White "Schuh Dirk (GER)"]
[Black "Just Gabriele Dr (GER)"]
[Result "1-0"]
[WhiteElo "2252"]
[BlackElo "2015"]

1.e4 e6 2.d4 d5 3.Nd2 Nc6 4.Ngf3 Nf6 5.e5 Nd7 6.Be2 f6 7.exf6 Qxf6 8.Nf1 Bd6
9.Ne3 O-O 10.O-O Kh8 11.c4 dxc4 12.Nxc4 e5 13.Bg5 Qg6 14.Nxd6 cxd6 15.dxe5
Ndxe5 16.Bh4 Bf5 17.Bg3 Be4 18.Nd4 Rad8 19.Bh5 Bc2 20.Bxg6 Bxd1 21.Raxd1 hxg6
22.Ne6 Nc4 23.Nxf8 Rxf8 {#r} 1-0

[Event "Ch Hungary (juniors) (under 20)"]
[Site "masterchessopen.com – Paks (Hungary)"]
[Date "2002.03.27"]
[Round "1"]
[White "Szekely Ferenc (HUN)"]
[Black "Pap Gyula (HUN)"]
[Result "1-0"]
[WhiteElo "2216"]
[BlackElo "2126"]

1.e4 e6 2.d4 d5 3.Nd2 Nc6 4.Ngf3 Nf6 5.Bd3 Nb4 6.O-O Nxd3 7.cxd3 Be7 8.Qc2 O-O
9.Rd1 Nd7 10.Nf1 Bd6 11.e5 Be7 12.Be3 c6 13.Ng3 a5 14.Rac1 a4 15.Qd2 Qa5
16.Qe2 Qb4 17.a3 Qb5 18.Nh5 c5 19.dxc5 Bxc5 20.Bxc5 Nxc5 21.Qe3 Nd7 22.Qg5 g6
23.Qh6 gxh5 24.Ng5 {#r} 1-0

[Event "Ch Hungary (juniors) (under 20) (g)"]
[Site "masterchessopen.com – Paks (Hungary)"]
[Date "2002.03.30"]
[Round "5"]
[White "Remete Zsuzsa (HUN)"]
[Black "Toth Lili (HUN)"]
[Result "0-1"]
[WhiteElo "2038"]
[BlackElo "2145"]

1.e4 e6 2.d4 d5 3.Nd2 Nc6 4.Ngf3 Nf6 5.e5 Nd7 6.Bd3 Nb4 7.Be2 c5 8.c3 Nc6
9.O-O cxd4 10.cxd4 f6 11.exf6 Qxf6 12.Nb3 Bd6 13.Qd3 Nb4 14.Qc3 O-O 15.a3 Nc6
16.Bd3 e5 17.dxe5 Ndxe5 18.Ng5 h6 19.f4 Nxd3 20.Qxd3 hxg5 21.f5 Qe5 {#R} 0-1

[Event "Ch Hungary (juniors) (under 20)"]
[Site "masterchessopen.com – Paks (Hungary)"]
[Date "2002.04.01"]
[Round "8"]
[White "Nemeth Miklos (HUN)"]
[Black "Sebestyen Balazs (HUN)"]
[Result "0-1"]
[WhiteElo "2290"]
[BlackElo "2300"]

1.e4 e6 2.d4 d5 3.Nd2 Nc6 4.Ngf3 Nf6 5.e5 Nd7 6.Be2 f6 7.exf6 Qxf6 8.Nf1 Bd6
9.Ne3 O-O 10.O-O Kh8 11.c3 Qg6 12.g3 Nf6 13.Nh4 Qf7 14.f4 b6 15.Bd3 Ne7 16.Qc2
c5 17.b3 a5 18.Bb2 Ba6 19.c4 Nc6 20.dxc5 Bxc5 21.Qe2 dxc4 22.bxc4 Nb4 23.Rae1
Nxd3 24.Qxd3 Rad8 25.Qc2 Ng4 26.Bc1 e5 27.Qe2 Nxe3 28.Bxe3 Bxc4 {#R} 0-1

[Event "Ch Hungary (juniors) (under 20)"]
[Site "masterchessopen.com – Paks (Hungary)"]
[Date "2002.04.01"]
[Round "8"]
[White "Szekely Ferenc (HUN)"]
[Black "Fodor Tamas Jr (HUN)"]
[Result "0-1"]
[WhiteElo "2216"]
[BlackElo "2082"]

1.e4 e6 2.d4 d5 3.Nd2 Nc6 4.Ngf3 Nf6 5.e5 Nd7 6.c3 f6 7.exf6 Qxf6 8.Be2 Bd6
9.Nf1 O-O 10.Ng3 Ne7 11.O-O Ng6 12.Re1 c6 13.Bd3 Nh4 14.Nxh4 Qxh4 15.Rxe6 Nf6
16.Rxd6 Ng4 17.Nf1 Qxf2+ 18.Kh1 Qh4 {#R} 0-1

[Event "Ch Hungary (juniors) (under 20) (g)"]
[Site "masterchessopen.com – Paks (Hungary)"]
[Date "2002.04.02"]
[Round "9"]
[White "Remete Eszter (HUN)"]
[Black "Simon Zsuzsa (HUN)"]
[Result "0-1"]
[WhiteElo "2104"]
[BlackElo "2134"]

1.e4 e6 2.d4 d5 3.Nd2 Nc6 4.Ngf3 Nf6 5.e5 Nd7 6.Be2 f6 7.exf6 Qxf6 8.Nf1 Bd6
9.Ne3 b6 10.O-O Bb7 11.c3 O-O-O 12.b4 Ne7 13.Qc2 h5 14.Re1 g5 15.a4 g4 16.Nd2
Rdf8 17.f3 Bxh2+ 18.Kf1 Bg3 19.Bd3 Bxe1 20.Kxe1 Qh4+ 21.Ke2 e5 22.dxe5 Nxe5
23.Nf5 Nxf5 24.Bxf5+ Kb8 25.Bb2 gxf3+ 26.Nxf3 Nxf3 27.gxf3 Qh2+ 28.Kf1 Qf4
29.Bd3 Qxf3+ 30.Kg1 Rhg8+ {#R} 0-1

[Event "It (open)"]
[Site "masterchessopen.com – Bad Wiessee (Germany)"]
[Date "2002.11.01"]
[Round "7"]
[White "Hamm Stefan Dr (GER)"]
[Black "Renner Christoph (GER)"]
[Result "1-0"]
[WhiteElo "2300"]
[BlackElo "2418"]

1.e4 e6 2.d4 d5 3.Nd2 Nc6 4.Ngf3 Nf6 5.e5 Nd7 6.Nb3 a5 7.a4 Be7 8.Bb5 Ncb8
9.O-O O-O 10.Be3 b6 11.Nbd2 Ba6 12.Ne1 c6 13.Be2 c5 14.c3 Qc8 15.f4 g6 16.g4
cxd4 17.cxd4 f5 18.Rf2 Bh4 19.Rg2 Bxe2 20.Qxe2 Qa6 21.Nd3 fxg4 22.Rxg4 Be7
23.Rc1 Rc8 24.Qg2 Nf8 25.Rxc8 Qxc8 26.f5 Qc2 27.fxg6 h5 28.Qf1 {#r} 1-0

[Event "Ch NRW (1 liga)"]
[Site "masterchessopen.com – Germany"]
[Date "2002.11.10"]
[Round "2"]
[White "Himmel Hansjoerg (GER)"]
[Black "Stenzel Thomas (GER)"]
[Result "1-0"]
[WhiteElo "2238"]
[BlackElo "2258"]

1.e4 e6 2.d4 d5 3.Nd2 Nc6 4.Ngf3 Nf6 5.e5 Nd7 6.Bb5 a5 7.O-O Na7 8.Bd3 b6
9.Re1 Be7 10.Nf1 c5 11.c4 Bb7 12.cxd5 Bxd5 13.Be4 Bxe4 14.Rxe4 Nc6 15.d5 exd5
16.Qxd5 Nb4 17.Qc4 Nf8 18.a3 Na6 19.Bf4 Nc7 20.Ne3 b5 21.Qe2 Qc8 22.Rd1 Rb8
23.e6 Nfxe6 24.Nf5 Kf8 25.Nxe7 Kxe7 26.Bd6+ Ke8 27.Ng5 Rb7 28.Qf3 Rf8 29.Bxf8
{#r} 1-0

[Event "It (open)"]
[Site "masterchessopen.com – Biel (Switzerland)"]
[Round "1"]
[White "Arizmendi Martinez Julen L (ESP)"]
[Black "Astengo Corrado (ITA)"]
[Result "1-0"]
[WhiteElo "2531"]
[BlackElo "2134"]

{ } 1.e4 { 1 } 1...e6 2.d4 d5 3.Nd2 Nc6 4.Ngf3 Nf6 5.e5 Nd7 6.Nb3 f6 7.Bb5 Be7
{ ? } ( 7...a5 8.a4 Na7 9.exf6 gxf6 10.Ne5 Ke7 11.Qh5 Qe8 12.Qxe8+ Kxe8
13.Bxd7+ Bxd7 14.Nxd7 Kxd7 15.Nxa5 Bb4+ 16.Bd2 Bxa5 17.Bxa5 Nc6 18.Bc3 b5
19.b3 bxa4 20.bxa4 e5 21.dxe5 fxe5 22.O-O d4 { 1/2-1/2, Brecevic Vladko 2185 -
Tolstikh Nikolay 2405 , Portoroz 1995 It (open) } ) ( 7...fxe5 8.dxe5 Be7
9.Nbd4 Ndb8 10.c3 O-O 11.h4 Nxd4 12.cxd4 b6 13.Bd3 Ba6 14.Bxh7+ Kxh7 15.Ng5+
Kg8 16.Qh5 Bd3 17.Rh3 Bf5 18.g4 Bc2 19.Nxe6 Qd7 20.Nxf8 Bxf8 21.Bd2 Nc6 22.Rc1
Nxd4 23.Bc3 g6 24.Qg5 Ne6 25.Qd2 Ba4 26.f4 d4 27.f5 { ...0-1, Delchev
Aleksander 2575 - Brkljaca Ante 2335 , Nis 1998 Ch Yugoslavia (open) } ) 8.O-O
( 8.exf6 Bxf6 9.O-O O-O 10.Re1 Re8 11.Bf4 Ncb8 12.Ne5 c6 13.Bd3 Nf8 14.Qh5 Qe7
15.Re3 Bxe5 16.Bxe5 Nbd7 17.Bd6 Nf6 18.Bxe7 Nxh5 19.Bd6 Nf6 20.a4 b6 21.a5 Bd7
22.f3 Red8 23.Ree1 Be8 24.Bc7 N6d7 25.Bxd8 Rxd8 26.axb6 axb6 27.Ra7 c5 {
...1-0, Grigoriants Sergey 2441 - Ubushiev Andrey 2257 , Kazan 2001 Ch Russia
(juniors) (under 20) } ) 8...O-O ( 8...fxe5 9.dxe5 O-O 10.Bxc6 bxc6 11.Nbd4
Nb8 12.Re1 c5 13.Nb3 c4 14.Nbd2 c5 15.c3 Nc6 16.Nf1 Bd7 17.Ng3 Be8 18.h3 Bg6
19.Nh2 Qe8 20.Qa4 Rc8 21.Qd1 Qf7 22.Qf3 h6 23.Qxf7+ Rxf7 24.Nf3 Rcf8 25.Be3
Rb8 26.Bc1 a5 27.Ne2 Rbf8 28.Ng3 { ...1/2-1/2, Yanofsky Daniel A 2460 -
Skalkotas Nikolaos 2245 , Skopje 1972 Olympiad } ) 9.Re1 { -0,15 CAP } (
9.exf6 Nxf6 10.Bxc6 bxc6 11.Ne5 Qe8 12.Re1 Rb8 13.f3 Rb6 14.Be3 Qh5 15.Qd2 Bb4
16.c3 Bd6 17.Nc5 Rb5 18.b4 Bxe5 19.dxe5 Qxe5 20.Bf4 Ne4 21.Rxe4 Qf5 22.g4 Qg6
23.Re5 { 1-0, Tiviakov Sergei 2635 - Lopez Rodriguez Fernando 2152 , Sevilla
2003 It (open) } ) ( 9.Bxc6 bxc6 10.Na5 ( 10.exf6 { +0,39 CAP } ) 10...Nb8
11.c4 Ba6 12.Qa4 Kh8 13.Be3 dxc4 14.Nxc4 Qd5 15.Rac1 f5 16.Bg5 Bxg5 17.Nxg5 h6
18.Nf3 Bb5 19.Qc2 a5 20.a4 Ba6 21.Rfd1 Bb7 22.Ne3 Qd7 23.Qc3 Qe7 24.Nc4 Qb4
25.Qxb4 axb4 26.b3 Rd8 27.Ne1 c5 28.dxc5 Nc6 { ...1/2-1/2, Holmes Donald A
2315 - Roberts Paul 2170 , St. Andrews 1989 Ch Scotland } ) 9...f5 { N } (
9...fxe5 10.dxe5 Nb6 11.Bxc6 bxc6 12.Be3 Bd7 13.Bc5 Nc4 14.Qd4 Rf7 15.Bxe7
Qxe7 16.Nc5 Raf8 17.Nxd7 Qxd7 18.b3 Nb6 19.Qc5 Qe8 20.Re2 Rf5 21.Nd4 Nd7
22.Qxc6 Rxe5 23.Rxe5 Nxe5 24.Qxe6+ Qxe6 25.Nxe6 Rc8 26.Re1 Nd7 27.Ng5 h6
28.Re7 Nf6 29.Ne6 { ...1-0, Sefc Jan - Van Den Broeck Hans 2230 , Munich 1958
Olympiad } ) 10.Bd2 Ncb8 11.Bd3 c5 { ?! } ( 11...Nb6 { !? } 12.Qe2 Qe8 13.c3
a5 { } ) 12.dxc5 { ?! } ( 12.c4 { !? } 12...Nb6 13.Qc2 cxd4 14.Nbxd4 { } )
12...Nxc5 13.Nxc5 Bxc5 14.c4 Qb6 15.Qe2 dxc4 16.Bxc4 Nc6 17.Bc3 Bd7 18.Rad1
Qc7 19.Ng5 Rae8 20.Rd6 Bxd6 { ?? } ( { ? } 20...Qc8 21.Rd3 h6 22.Red1 hxg5 { }
) 21.Qh5 { ! } ( 21.exd6 { ? } ) 21...h6 22.Qg6 hxg5 23.exd6 { } {#r} 1-0

[Event "Ch Ukraine (juniors) (under 16)"]
[Site "masterchessopen.com – Dnepropetrovsk (Ukraine)"]
[Round "2"]
[White "Fedosenko Pavel (UKR)"]
[Black "Eryomenko Volodymyr (UKR)"]
[Result "1-0"]
[WhiteElo "2202"]
[BlackElo "2386"]

1.e4 e6 2.d4 d5 3.Nd2 Nc6 4.Ngf3 Nf6 5.e5 Nd7 6.c3 a5 7.Bd3 Be7 8.O-O b6 9.Qe2
Ncb8 10.Ne1 Ba6 11.f4 g6 12.g4 Bxd3 13.Nxd3 c5 14.f5 cxd4 15.cxd4 Nc6 16.Nf3
h5 17.fxe6 fxe6 18.Qc2 Rc8 19.Qg2 h4 20.g5 Nb4 21.Nf4 Nf8 22.Qg4 Rc6 23.Nxh4
Nc2 24.Nfxg6 Rxh4 25.Nxh4 Nxa1 26.g6 Qc7 27.Bh6 Nxg6 28.Nxg6 Nc2 29.Nxe7 {#r}
1-0

[Event "Ch Serbia & Montenegro (team)"]
[Site "masterchessopen.com – Golubac (Yugoslavia)"]
[Round "0"]
[White "Kulak Dejan (SRB)"]
[Black "Ilic Dragan B (SRB)"]
[Result "0-1"]
[WhiteElo "2294"]
[BlackElo "2295"]

1.e4 e6 2.d4 d5 3.Nd2 Nc6 4.Ngf3 Nf6 5.e5 Nd7 6.c3 f6 7.exf6 Qxf6 8.Bb5 Bd6
9.Nf1 O-O 10.Bg5 Qg6 11.Qd2 e5 12.dxe5 Ndxe5 13.Nxe5 Nxe5 14.Ng3 c6 15.Be2 Bg4
16.f3 Rae8 17.O-O Bc5+ 18.Kh1 Bf5 19.Bf4 Nd3 20.Bxd3 Bxd3 21.Rfe1 h5 22.Be3
Bxe3 23.Rxe3 Rxe3 24.Qxe3 h4 25.Nf1 h3 26.gxh3 Rxf3 27.Qg1 Be4 {#R} 0-1

[Event "Tournament"]
[Site "masterchessopen.com – Salo (Finland)"]
[Round "2"]
[White "Sammalvuo Tapani (FIN)"]
[Black "Jarvela Jari (FIN)"]
[Result "1-0"]
[WhiteElo "2438"]
[BlackElo "2204"]

1.e4 e6 2.d4 d5 3.Nd2 Nc6 4.Ngf3 Nf6 5.e5 Nd7 6.Bb5 Be7 7.O-O O-O 8.Re1 a6
9.Bd3 Nb4 10.Be2 c5 11.c3 Nc6 12.Nf1 f6 13.exf6 Bxf6 14.Ne3 cxd4 15.cxd4 Qb6
16.Nc2 Re8 17.Rb1 e5 18.Ne3 exd4 19.Nxd5 Qd8 20.Bc4 Rxe1+ 21.Qxe1 Kh8 22.Bf4
b5 23.Nxf6 bxc4 24.Nxh7 Nc5 25.Nfg5 Kg8 26.Qe2 d3 27.Qh5 Be6 28.Re1 Qd7 29.Qg6
Kh8 30.Nf8 {#r} 1-0

[Event "Ch Croatia (team) (2nd league) (qual.)"]
[Site "masterchessopen.com – Samobor (Croatia)"]
[Round "2"]
[White "Hrvacic Pavle (BIH)"]
[Black "Bartakovic Tomislav (CRO)"]
[Result "1-0"]
[WhiteElo "2271"]
[BlackElo "2119"]

1.e4 e6 2.d4 d5 3.Nd2 Nc6 4.Ngf3 Nf6 5.e5 Nd7 6.Bb5 a6 7.Bxc6 bxc6 8.c4 Be7
9.c5 O-O 10.Nb3 f6 11.Na5 Nb8 12.Be3 Bd7 13.Qb3 Ra7 14.h4 Be8 15.h5 fxe5
16.Nxe5 Bf6 17.Nf3 Bf7 18.O-O-O Qe8 19.g4 e5 20.Qc3 exd4 21.Bxd4 Be6 22.Rde1
Qd7 23.g5 Bxd4 24.Nxd4 Bf5 25.f3 Ra8 26.Re5 g6 27.Rhe1 Qd8 28.Nxf5 Qxg5+
29.Ne3 {#r} 1-0

[Event "Ch Wales"]
[Site "masterchessopen.com – Swansea (Wales)"]
[Round "4"]
[White "Guy David (WLS)"]
[Black "Spice Alan (WLS)"]
[Result "0-1"]
[WhiteElo "2000"]
[BlackElo "2184"]

1.e4 e6 2.d4 d5 3.Nd2 Nc6 4.Ngf3 Nf6 5.e5 Nd7 6.c3 f6 7.exf6 Qxf6 8.Bd3 Bd6
9.O-O O-O 10.Qb3 Kh8 11.Qc2 h6 12.b4 e5 13.b5 Ne7 14.dxe5 Nxe5 15.Nxe5 Qxe5
16.g3 Bh3 17.f4 Qe3+ 18.Rf2 Bc5 19.Nf1 Qf3 {#R} 0-1

[Event "Ch Argentina (juniors) (under 14) (1/2 final)"]
[Site "masterchessopen.com – Tandil (Argentina)"]
[Round "6"]
[White "Alonso Arturo (ARG)"]
[Black "Blit Jacques (ARG)"]
[Result "0-1"]
[WhiteElo "1873"]
[BlackElo "2275"]

1.e4 e6 2.d4 d5 3.Nd2 Nc6 4.Ngf3 Nf6 5.e5 Nd7 6.Bb5 a6 7.Bxc6 bxc6 8.O-O c5
9.c3 f6 10.exf6 Qxf6 11.Qa4 cxd4 12.Qc6 Ra7 13.Nxd4 Bd6 14.N2f3 O-O 15.Qa4 Ra8
16.Qc2 h6 17.c4 c5 18.Nb3 d4 19.Nbd2 Bb7 20.b3 Ne5 21.Nxe5 Qxe5 22.g3 Qh5
23.Qd1 Qh3 24.f3 Bxg3 25.hxg3 Qxg3+ 26.Kh1 Rf4 {#R} 0-1

[Event "Tournament (open) \"]
[Site "masterchessopen.com – Vitoria (Brazil)"]
[Date "2003.08.17"]
[Round "6"]
[White "Beringuy Saulo C"]
[Black "Domingos V"]
[Result "1-0"]
[WhiteElo "1838"]
[BlackElo "1790"]

1.e4 e6 2.d4 d5 3.Nd2 Nc6 4.Ngf3 Nf6 5.Bd3 dxe4 6.Nxe4 Nxd4 7.Nxd4 c6 8.Be3 e5
9.Nf3 Bf5 10.Nxf6+ Qxf6 11.Bxf5 Qxf5 12.O-O g6 13.Re1 Bg7 14.c3 O-O 15.Qb3 b5
16.Rad1 a6 17.Rd6 Rac8 18.Red1 c5 19.c4 bxc4 20.Qxc4 e4 21.R1d5 Qxd5 22.Rxd5
Rfd8 23.Rxd8+ Rxd8 24.Nd2 Bxb2 25.Qxc5 Bg7 26.g3 Rb8 27.Nxe4 {#r} 1-0